Elaine Ritchie v Anne C Douglas and Others (Record no. 81494)

MARC details
000 -LEADER
fixed length control field 01075cad a22001935a 4500
001 - CONTROL NUMBER
control field E147345
008 - FIXED-LENGTH DATA ELEMENTS--GENERAL INFORMATION
fixed length control field 090501e20080111xxk 000 0 eng d
035 ## - SYSTEM CONTROL NUMBER
System control number (Sirsi) u147345
041 0# - LANGUAGE CODE
Language code of text/sound track or separate title eng
245 00 - TITLE STATEMENT
Title Elaine Ritchie v Anne C Douglas and Others
Remainder of title opinion
Medium [electronic resource]
260 ## - PUBLICATION, DISTRIBUTION, ETC.
Date of publication, distribution, etc. 2008
520 ## - SUMMARY, ETC.
Summary, etc. LTS/TC/2007/26 11 January 2008. Concerned an application by the owner of a ground floor flat in a house converted into 15 properties to vary a title restriction to allow the conversion of a window into a French door. The title conditions required the unanimous consent of the other flat owners for external structural alteration. Most of them opposed the application. "Held": application granted.
650 24 - SUBJECT ADDED ENTRY--TOPICAL TERM
Topical term or geographic name entry element ELAINE RITCHIE V ANNE C DOUGLAS AND ORS
650 24 - SUBJECT ADDED ENTRY--TOPICAL TERM
Topical term or geographic name entry element TITLE CONDITIONS (SCOTLAND) ACT 2003
651 #4 - SUBJECT ADDED ENTRY--GEOGRAPHIC NAME
Geographic name Scotland
Chronological subdivision 1999-
690 ## - LOCAL SUBJECT ADDED ENTRY--TOPICAL TERM (OCLC, RLIN)
Topical term or geographic name as entry element Planning and development
9 (RLIN) 6259
856 40 - ELECTRONIC LOCATION AND ACCESS
Uniform Resource Identifier <a href="https://www.lands-tribunal-scotland.org.uk/decisions/LTS.TC.2007.26.html">https://www.lands-tribunal-scotland.org.uk/decisions/LTS.TC.2007.26.html</a>
Public note View the decision free of charge at www.lands-tribunal-scotland.org.uk...
942 ## - ADDED ENTRY ELEMENTS (KOHA)
Suppress in OPAC 0
Holdings
Withdrawn status Lost status Source of classification or shelving scheme Damaged status Not for loan Home library Current library Shelving location Date acquired Total Checkouts Full call number Barcode Date last seen Copy number Price effective from Koha item type
    Dewey Decimal Classification     Virtual Virtual Online 01/05/2009   ONLINE PUBLICATION 147345-2001 06/08/2019 1 06/08/2019 Law report